Laboratory skills physics (Record no. 882)

MARC details
000 -LEADER
fixed length control field 00782 a2200217 4500
008 - FIXED-LENGTH DATA ELEMENTS--GENERAL INFORMATION
fixed length control field 080821t xxu||||| |||| 00| 0 eng d
010 ## - LIBRARY OF CONGRESS CONTROL NUMBER
LC control number ENG-85007
020 ## - INTERNATIONAL STANDARD BOOK NUMBER
Terms of availability 100.00
035 ## - SYSTEM CONTROL NUMBER
System control number EN-68540
037 ## - SOURCE OF ACQUISITION
Source of stock number/acquisition D. B. Act / Pub
082 ## - DEWEY DECIMAL CLASSIFICATION NUMBER
Classification number 530
100 ## - MAIN ENTRY--PERSONAL NAME
Personal name Mittal, Vikas
245 ## - TITLE STATEMENT
Title Laboratory skills physics
Remainder of title class XI
Statement of responsibility, etc by Vikas Mittal and P. Rama Subramaniam
260 ## - PUBLICATION, DISTRIBUTION, ETC. (IMPRINT)
Place of publication, distribution, etc New Delhi
Name of publisher, distributor, etc Arya Book Depot
Date of publication, distribution, etc 2006
270 ## - ADDRESS
Address 30, Naiwala, Karol Bagh
City New Delhi
State or province Delhi
Postal code 110005
Telephone number 25746324
300 ## - PHYSICAL DESCRIPTION
Extent 248 p.
Other physical details Col photos
Dimensions 24 cm. (Pbk)
650 ## - SUBJECT ADDED ENTRY--TOPICAL TERM
Topical term or geographic name as entry element Physics
700 ## - ADDED ENTRY--PERSONAL NAME
Personal name Subramaniam, P. Rama
942 ## - ADDED ENTRY ELEMENTS (KOHA)
Institution code [OBSOLETE] dpl
Koha item type English Books
Call number prefix 530 / TRI
Source of classification or shelving scheme Dewey Decimal Classification
Classification part 530
Call number suffix TRI
Holdings
Withdrawn status Lost status Damaged status Not for loan Home library Current library Date acquired Cost, normal purchase price Total Checkouts Full call number Barcode Date last seen Copy number Uniform Resource Identifier Cost, replacement price Price effective from Koha item type
        D.B.Act.Division D.B.Act.Division 21/08/2008 100.00   530 TRI EN-68540 15/09/2008 1 944 100.00 15/09/2008 English Books

© Delhi Public Library
Hit Counter
free hit counter